| 000 | 00800nam a2200205 a 4500 | ||
|---|---|---|---|
| 005 | 20191224041637.0 | ||
| 008 | 160826b2001 ck |||||rm||| 00| 0 spa d | ||
| 040 |
_aCO-BoIAVH _cCO-BoIAVH |
||
| 041 | _aspa | ||
| 082 |
_aTE _b0136 |
||
| 100 | 1 | _aGonzález Hernández, Andrés | |
| 245 | 1 | 4 | _aAnálisis de la variedad fenotípica de una población de Odocoileus virginianus (Zimermann, 1780) ante las condiciones ambientales del parque nacional natural El Tuparro...... |
| 260 |
_aBogotá _bUniversidad Nacional de Colombia. Faculdad de Ciencias _c2001 |
||
| 300 | _a136 Paginas | ||
| 650 | 1 | 4 | _aFenotipos |
| 650 | 1 | 4 | _aVariabilidad fenotípica |
| 650 | 1 | 4 | _aEcología de poblaciones |
| 662 |
_aColombia _cParque Nacional Natural El Tuparro _bVichada |
||
| 942 |
_cTESIS _2z |
||
| 999 |
_c2486 _d2486 |
||